Statystyki dla Dzielnice Katowic z mapą

Kliknij tutaj aby rozwiązać quiz!

Ogólne statystyki

  • Ten quiz został rozwiązany 888 razy
  • Średni wynik to 13 z 22

Odpowiedzi na mapie

Odpowiedzi skodowane kolorowo w zielono-czerwonej skali na mapie do tego quizu, zgodnie z poniższymi procentami.
 

Statystyki odpowiedzi

Dzielnica% Poprawnych
Ligota - Panewniki
81%
Śródmieście
81%
Janów - Nikiszowiec
74%
Giszowiec
70%
Brynów - Osiedle Zgrzebnioka
69%
Szopienice - Burowiec
68%
Załęże
68%
Dąb
67%
Piotrowice - Ochojec
66%
Murcki
61%
Osiedle Tysiąclecia
59%
Bogucice
58%
Zawodzie
58%
Koszutka
57%
Wełnowiec - Józefowiec
54%
Osiedle Paderewskiego - Muchowiec
54%
Podlesie
53%
Kostuchna
47%
Dąbrówka Mała
46%
Osiedle Witosa
46%
Zarzecze
37%
Załęska Hałda - Brynów
34%

Rozkład punktacji

Percentyl według liczby udzielonych odpowiedzi

Procent ludzi z każdym wynikiem

Twoja historia wyników

Nie rozwiązałeś tego quizu